Selected collectiions on Bhagat Singh (Record no. 6503)
[ view plain ]
| 000 -LEADER | |
|---|---|
| fixed length control field | 00662 a2200193 4500 |
| 005 - DATE AND TIME OF LATEST TRANSACTION | |
| control field | 2008082901471.0 |
| 008 - FIXED-LENGTH DATA ELEMENTS--GENERAL INFORMATION | |
| fixed length control field | 080829t xxu||||| |||| 00| 0 eng d |
| 010 ## - LIBRARY OF CONGRESS CONTROL NUMBER | |
| LC control number | ENG-87420 |
| 020 ## - INTERNATIONAL STANDARD BOOK NUMBER | |
| Terms of availability | 300.00 |
| 035 ## - SYSTEM CONTROL NUMBER | |
| System control number | EN-70953 |
| 037 ## - SOURCE OF ACQUISITION | |
| Source of stock number/acquisition | DBAD / PUB |
| 082 ## - DEWEY DECIMAL CLASSIFICATION NUMBER | |
| Classification number | 921 |
| 245 ## - TITLE STATEMENT | |
| Title | Selected collectiions on Bhagat Singh |
| Statement of responsibility, etc | edited by M.M. Juneja |
| 260 ## - PUBLICATION, DISTRIBUTION, ETC. (IMPRINT) | |
| Place of publication, distribution, etc | Hisar |
| Name of publisher, distributor, etc | Modern Publishers |
| Date of publication, distribution, etc | 2007 |
| 270 ## - ADDRESS | |
| Address | 1227, Urban Estate-II |
| City | Hisar (Haryana) |
| 300 ## - PHYSICAL DESCRIPTION | |
| Extent | 304 p. |
| Dimensions | 21 cm ( Hb.) |
| 942 ## - ADDED ENTRY ELEMENTS (KOHA) | |
| Institution code [OBSOLETE] | dpl |
| Koha item type | English Books |
| Call number prefix | 921/SEL |
| Source of classification or shelving scheme | Dewey Decimal Classification |
| Classification part | 921 |
| Call number suffix | SEL |
| Withdrawn status | Lost status | Damaged status | Not for loan | Home library | Current library | Date acquired | Cost, normal purchase price | Total Checkouts | Full call number | Barcode | Date last seen | Copy number | Uniform Resource Identifier | Cost, replacement price | Price effective from | Koha item type |
|---|---|---|---|---|---|---|---|---|---|---|---|---|---|---|---|---|
| D.B.Act.Division | D.B.Act.Division | 29/08/2008 | 300.00 | 921 SEL | EN-70953 | 15/09/2008 | 1 | 6992 | 300.00 | 15/09/2008 | English Books |
